DATABASE MANAGEMENT SYSTEMS (Record no. 216607)

MARC details
000 -LEADER
fixed length control field 00619nam a22001937a 4500
008 - FIXED-LENGTH DATA ELEMENTS--GENERAL INFORMATION
fixed length control field 260224b |||||||| |||| 00| 0 eng d
020 ## - INTERNATIONAL STANDARD BOOK NUMBER
International Standard Book Number 978-0-0712-3151-0
050 ## - LIBRARY OF CONGRESS CALL NUMBER
Classification number QA 76.9 .D3 R36 2023
100 ## - MAIN ENTRY--PERSONAL NAME
Personal name RAMAKRISHNAN,RAGHU
245 ## - TITLE STATEMENT
Title DATABASE MANAGEMENT SYSTEMS
250 ## - EDITION STATEMENT
Edition statement 3
260 ## - PUBLICATION, DISTRIBUTION, ETC.
Place of publication, distribution, etc. NEW YORK,
Name of publisher, distributor, etc. McGRAW HILL LLC,
Date of publication, distribution, etc. 2023,
300 ## - PHYSICAL DESCRIPTION
Extent XXXII,1065 P, ILL
500 ## - GENERAL NOTE
General note INCLUDES BIBLIOGRAPHICAL REFERENCES AND INDEX
650 ## - SUBJECT ADDED ENTRY
Topical term or geographic name entry element 1. DATABASE MANAGEMENT 2. RELATIONAL DATABASES 3. INFORMATION STORAGE AND RETRIEVAL SYSTEMS
700 ## - ADDED ENTRY--PERSONAL NAME
Personal name GEHRKE,JOHANNES
942 ## - ADDED ENTRY ELEMENTS (KOHA)
Source of classification or shelving scheme Library of Congress Classification
Koha item type Long Loan Book
Holdings
Withdrawn status Lost status Source of classification or shelving scheme Damaged status Not for loan Collection Home library Current library Shelving location Date acquired Inventory number Total checkouts Full call number Barcode Date last seen Copy number Price effective from Koha item type
    Library of Congress Classification     Science & Technology Kisii University Library Kisii University Library On Display 02/24/2026 111685   QA 76.9 .D3 R36 2023 A000994 02/24/2026 1 02/24/2026 Long Loan Book
    Library of Congress Classification     Science & Technology Kisii University Library Kisii University Library On Display 02/24/2026 111686   QA 76.9 .D3 R36 2023 A000998 02/24/2026 2 02/24/2026 Long Loan Book
    Library of Congress Classification     Science & Technology Kisii University Library Kisii University Library On Display 02/24/2026 111687   QA 76.9 .D3 R36 2023 A000995 02/24/2026 3 02/24/2026 Long Loan Book
    Library of Congress Classification     Science & Technology Kisii University Library Kisii University Library On Display 02/24/2026 111688   QA 76.9 .D3 R36 2023 A000996 02/24/2026 4 02/24/2026 Long Loan Book
    Library of Congress Classification     Science & Technology Kisii University Library Kisii University Library On Display 02/24/2026 111689   QA 76.9 .D3 R36 2023 A000993 02/24/2026 5 02/24/2026 Long Loan Book